[Event "Chelmno op 4th"]
[Site "Chelmno"]
[Date "2021.??.??"]
[Round "8"]
[White "Rogaczewski, Sebastian"]
[Black "Spionkowski, Fabian"]
[Result "0-1"]
[WhiteElo "1535"]
[BlackElo "1638"]
[PlyCount "88"]
[EventDate "2021.07.19"]
[EventType "swiss"]
[EventRounds "9"]
[EventCountry "POL"]
[SourceTitle "EXT 2022"]
[Source "ChessBase"]
[SourceDate "2021.10.06"]
[SourceVersion "1"]
[SourceVersionDate "2021.10.06"]
[SourceQuality "1"]

1. e4 c5 2. Nf3 Nc6 3. Bb5 g6 4. 0-0 Bg7 5. c3 d6 6. d4 cxd4 7. cxd4 Bd7 8. a4 a6 9. Bc4 Bg4 10. Bxf7+ Kxf7 11. Ng5+ Ke8 12. Qxg4 Nxd4 13. Be3 Qc8 14. Qd1 Ne6 15. Qd2 Nxg5 16. Bxg5 Nf6 17. Nc3 Kf7 18. Rac1 Qe6 19. Bxf6 Bxf6 20. f4 Kg7 21. f5 gxf5 22. exf5 Qe5 23. Kh1 Rhg8 24. Rce1 Qc5 25. Nd5 Rae8 26. Nf4 Kh8 27. Ne6 Qc6 28. Rf4 Rc8 29. Nd4 Qd5 30. Qf2 Rc4 31. Ne6 Rxf4 32. Nxf4 Qxf5 33. Rf1 Be5 34. Nh3 Qxf2 35. Rxf2 Rg4 36. g3 Rxa4 37. Ng5 Bf6 38. Ne6 Rb4 39. Rc2 Kg8 40. Rc8+ Kf7 41. Nf4 Rxb2 42. h4 b5 43. Ng2 Be5 44. Nf4 Bxf4 0-1